00822nam a22001815i 4500001000700000003000900007005001700016008004100033040002000074245011400094260010400208300004600312490009500358650002800453700002700481830009600508852003600604166190ES-MaACL20250726075518.0050912s1900 fr | |||||||| ||fre d aCAM bspa cCAM00aTextes religieux assyriens et babyloniens / ctranscription, traduction et commentaire par François Martin. aParis : bEmile Bouillon, éditeur, c1900 (fImprimerie française et orientale de E. Bertrand) aXXIX, 143 p., [1] h. de lám. ; c24 cm.1 aBibliothèque de l'Ecole des Hautes Etudes. Sciences philologiques et historiques ; v130 4aLengua acadia-vTextos.1 aBouillon, Emile, eed.00aBibliothèque de l'École des Hautes Études. Sciences historiques et philologiquesv130 aES-MaACLjC-7649 z-- Enc. hol.